000 00394 a2200169 4500
001 127570
020 _a9788541817523
040 _cEscola Canadense de Niteroi
100 _aCibele Lopresti Costa
245 1 0 _aGeração Alpha Português 6º ano
250 _a1 ed
260 _aSão Paulo
362 0 _a2017
490 0 _aGeração Alpha
650 4 _aLíngua Portuguesa
942 _cBK
999 _c127570
_d127570